000 00614ntaaa2200205 4500
003 01
005 20251027202159.0
008 0714s1973 ag 01
040 _aAR-BaBN
_bspa
_cAR-BaBN
_eaacr
_dRIC
082 _a267.1000 L17
100 _aLambdin, Jerry E
245 _aBaptist Training Union Manual
250 _a1 ed.
260 _aNashville :
_bConvention Press,
_c1952
300 _a180 p
500 _aRevised in 1952La biblioteca posee dos ejemplares de la traduccion al castellano por J. Wilson Ross
650 _aUnion bautista de preparación
_917021
650 _apreparación
_920359
942 _cBK
999 _c16761
_d16761